000 00858nam a2200265 i 4500
001 32601
003 ES-MaACL
005 20250725062530.0
007 t|
008 030131s1981 sp a |||| | spa d
080 _a530.1
100 1 _aBerkson, William.
_928047
245 1 4 _aLas teorías de los campos de fuerza
_b: desde Faraday hasta Einstein /
_cWilliam Berkson ; versión de Luisa González Seco.
260 _aMadrid :
_bAlianza Editorial,
_c[1981]
300 _a400 p. :
_bil. ;
_c20 cm.
490 1 _aAlianza universidad ;
_v310
500 _aÍndice.
504 _aBibliografía: p. 391-400.
650 0 4 _aCampos, Teoría de (Física)
_9164165
650 0 7 _aFísica
_2embne
_912877
700 1 _aGonzález Seco, Luisa.
_958965
830 0 _aAlianza universidad ;
_v310
_9177276
852 _aES-MaACL
_jL-1510
999 _c32601
_d32601